000 01357nam a2200349 i 4500
001 145159
003 ES-MaACL
005 20250829111214.0
007 t|
008 070214s1982 sp r ||||1| spa d
020 _a84-600-2830-5
080 _a929(460)"17":75
080 _a75(460)"17"
080 _a910.4(8.03) Alejandro Malaspina
080 _a980.3"17"(093.32)
100 1 _aSotos Serrano, Carmen.
_9107548
245 1 4 _aLos pintores de la expedición de Alejandro Malaspina /
_cCarmen Sotos Serrano.
260 _aMadrid :
_bReal Academia de la Historia,
_c1982.
300 _a2 v. :
_bil. col. y n., mapas ;
_c30 cm.
490 1 _aConmemoración del V centenario del descubrimiento de América ;
_v5
504 _aBibliografía: v. 1, p. [281]-286.
594 _aDocumentos: v. 1, p. 173-274
594 _aLáminas: v. 2
611 2 4 _aExpedición Malaspina
_d(1789-1794)
_9644
650 4 _aPintura española-
_yS.XVIII.
_9159436
651 4 _aAmérica-
_xDescubrimientos y exploraciones-
_xEspañoles.
_9138324
651 4 _aOceanía-
_xDescubrimientos y exploraciones-
_xEspañoles.
_9151887
710 2 _aReal Academia de la Historia (España)
_96309
830 1 0 _aConmemoración del V Centenario del Descubrimiento de América, 1492-1992
_v5
_9178045
852 4 _aES-MaACL
_jL-3596-97
999 _c145159
_d145159